Sumerian grammar

Αποθηκεύτηκε σε:
Λεπτομέρειες βιβλιογραφικής εγγραφής
Κύριος συγγραφέας: Edzard, Dietz Otto
Μορφή: Βιβλίο
Γλώσσα:English
Δημοσίευση: Leiden; Boston : Brill, 2003
Σειρά:Handbuch der Orientalistik. Nahe und der Mittlere Osten ; ; 71; Erste Abteilung
Θέματα:
Ετικέτες: Προσθήκη ετικέτας
Δεν υπάρχουν, Καταχωρήστε ετικέτα πρώτοι!

MARC

LEADER 00000nam a2200000 i 4500
001 1/73754
008 080207s2003 eng d
020 |a 90-04-12608-2 (hbk.) 
022 |a 01699423 
035 |l 10094465 
040 |a GR-MY-UA  |b gre  |e aacr 
041 0 |a eng 
082 0 |a 499.95  |2 (22) 
100 1 |a Edzard, Dietz Otto. 
245 1 0 |a Sumerian grammar /  |c by Dietz Otto Edzard 
260 |a Leiden; Boston :   |b Brill,   |c 2003 
300 |a xviii, 191 σ.;  |c 24 εκ. 
490 1 |a Handbook of Oriental studies. The Near and Middle East   |v ; 71; Section 1 
504 |a Βιβλιογραφία: σ. [181]-185. Ευρετήριο 
650 0 0 |a Sumerian language  |x Grammar. 
830 0 |a Handbuch der Orientalistik. Nahe und der Mittlere Osten ;  |v ; 71; Erste Abteilung 
852 |a INST  |b RHODES  |e 20080207  |h 499.95 EDZ  |p 005400030038  |q 005400030038  |t BK  |y 0 
901 |a BIBL4-2008-1 
909 |a Ρ  |b 144787 
922 |a 4ΕΛΗ  |b 200801  |c ΕΠΕΑΕΚ2/ΤΜΣ  |d ΕΛΕΥΘΕΡΟΥΔΑΚΗΣ 
970 |a ΧΑΡΙΟΠΟΛΙΤΟΥ  |b ΚΩΝΣΤΑΝΤΙΝΑ  |z 2008/02/07